Delimitación empírica de áreas prioritarias para el manejo del recurso hídrico en Costa Rica /
Se presenta una metodología empírica para delimitar zonas prioritarias en planes de manejo sostenible del recurso hídrico. Se parte del concepto de presión humana sobre el recurso hídrico para determinar zonas prioritarias de acuerdo al uso actual de la tierra, pendientes, uso de agua, hidrogeología...
Shranjeno v:
| Glavni avtor: | |
|---|---|
| Format: | Texto |
| Teme: | |
| Oznake: |
Označite
Brez oznak, prvi označite!
|
MARC
| LEADER | 00000 a a2200000 04500 | ||
|---|---|---|---|
| 001 | 13743 | ||
| 003 | |||
| 040 | |||
| 100 | |a Birkel Dostal, Christian | ||
| 245 | |a Delimitación empírica de áreas prioritarias para el manejo del recurso hídrico en Costa Rica / |c Christian Birkel Dostal | ||
| 520 | |a Se presenta una metodología empírica para delimitar zonas prioritarias en planes de manejo sostenible del recurso hídrico. Se parte del concepto de presión humana sobre el recurso hídrico para determinar zonas prioritarias de acuerdo al uso actual de la tierra, pendientes, uso de agua, hidrogeología, ámbito legal y densidad de población. Por último, se desarrolla una aplicación a toda el Area de conservación Tortuguero | ||
| 650 | |a RECURSOS HIDRICOS | ||
| 650 | |a CUENCAS FLUVIALES | ||
| 650 | |a CONSERVACION DEL AGUA | ||
| 650 | |a PLANIFICACION AMBIENTAL | ||
| 650 | |a DESARROLLO SOSTENIBLE | ||
| 650 | |a METODOLOGIA | ||
| 650 | |a ZONAS PROTEGIDAS | ||
| 650 | |a COSTA RICA | ||
| 773 | |g volumen 86, número 2; páginas 39-49 | ||
| 999 | |c 28950 |d 28950 | ||
